[Event "San Francisco Leighton Memorial"]
[Site "San Francisco"]
[Date "2015.09.29"]
[Round "9"]
[White "Dupree, Charles"]
[Black "Mathrubootham, Ganesh"]
[Result "1-0"]
[WhiteElo "1649"]
[BlackElo "1698"]
[PlyCount "53"]
[EventDate "2015.08.04"]
[EventType "swiss"]
[EventRounds "9"]
[EventCountry "USA"]
[SourceTitle "EXT 2023"]
[Source "ChessBase"]
[SourceDate "2022.10.05"]
[SourceVersion "1"]
[SourceVersionDate "2022.10.05"]
[SourceQuality "1"]

1. e4 e6 2. d4 d5 3. Nd2 Nf6 4. e5 Nfd7 5. Bd3 c5 6. c3 Nc6 7. Ne2 cxd4 8. cxd4 f6 9. exf6 Nxf6 10. Nf3 Bd6 11. 0-0 0-0 12. a3 Qc7 13. Qc2 Bd7 14. Bg5 h6 15. Bh4 Ng4 16. Bg3 Bxg3 17. hxg3 Rac8 18. Rac1 Rf6 19. Nf4 Be8 20. Rfe1 Qe7 21. Nxd5 Qf7 22. Nxf6+ Qxf6 23. Rxe6 Qd8 24. Qd2 Nxd4 25. Rxc8 Nxf3+ 26. gxf3 Qxc8 27. Rxe8+ 1-0

[Event "San Francisco Leighton Memorial"]
[Site "San Francisco"]
[Date "2015.09.22"]
[Round "8"]
[White "Mathrubootham, Ganesh"]
[Black "Gurovich, Roman"]
[Result "1-0"]
[WhiteElo "1698"]
[BlackElo "1849"]
[PlyCount "57"]
[EventDate "2015.08.04"]
[EventType "swiss"]
[EventRounds "9"]
[EventCountry "USA"]
[SourceTitle "EXT 2023"]
[Source "ChessBase"]
[SourceDate "2022.10.05"]
[SourceVersion "1"]
[SourceVersionDate "2022.10.05"]
[SourceQuality "1"]

1. d4 d6 2. Nf3 Nd7 3. e4 e5 4. Nc3 h6 5. Bb5 c6 6. Bc4 exd4 7. Nxd4 Ngf6 8. Bf4 Qb6 9. Nb3 Ne5 10. Be2 Be6 11. 0-0 Be7 12. Be3 Qc7 13. h3 Rd8 14. Nd4 Bc4 15. f4 Bxe2 16. Qxe2 Ned7 17. Nf5 g6 18. Nxe7 Kxe7 19. e5 dxe5 20. fxe5 Nd5 21. Nxd5+ cxd5 22. Qf2 Rdf8 23. Rad1 b6 24. Rxd5 g5 25. Bd2 Kd8 26. Bb4 Kc8 27. Bxf8 Rxf8 28. Qf5 Rd8 29. Rfd1 1-0

[Event "San Francisco Leighton Memorial"]
[Site "San Francisco"]
[Date "2015.08.04"]
[Round "1"]
[White "Sarafian, Greg M"]
[Black "Mathrubootham, Ganesh"]
[Result "1-0"]
[WhiteElo "1861"]
[BlackElo "1698"]
[PlyCount "63"]
[EventDate "2015.08.04"]
[EventType "swiss"]
[EventRounds "9"]
[EventCountry "USA"]
[SourceTitle "EXT 2023"]
[Source "ChessBase"]
[SourceDate "2022.10.05"]
[SourceVersion "1"]
[SourceVersionDate "2022.10.05"]
[SourceQuality "1"]

1. d4 d5 2. c4 Nc6 3. cxd5 Qxd5 4. e3 e5 5. Nc3 Bb4 6. Bd2 Bxc3 7. bxc3 Nf6 8. c4 Qd6 9. d5 Ne7 10. Qa4+ Bd7 11. Qb3 Rb8 12. f3 0-0 13. Bb4 c5 14. dxc6 Qxc6 15. Bxe7 Rfe8 16. Bxf6 Qxf6 17. Rd1 Be6 18. a4 e4 19. f4 Red8 20. Ne2 Rxd1+ 21. Qxd1 Bg4 22. Qc1 Qb6 23. Nd4 Qb4+ 24. Kf2 Rd8 25. h3 Bd7 26. Be2 Bxa4 27. Qa1 Bc6 28. Rb1 Qe7 29. Qxa7 Qh4+ 30. Kg1 Qg3 31. Nf5 Qg6 32. Ne7+ 1-0

[Event "San Francisco TNM Summer op"]
[Site "San Francisco"]
[Date "2015.07.14"]
[Round "8"]
[White "Mathrubootham, Ganesh"]
[Black "Gomboluudev, Enkhjin C"]
[Result "1-0"]
[WhiteElo "1141"]
[BlackElo "1482"]
[PlyCount "79"]
[EventDate "2015.05.26"]
[EventType "swiss"]
[EventRounds "8"]
[EventCountry "USA"]
[SourceTitle "EXT 2016"]
[Source "ChessBase"]
[SourceDate "2015.10.08"]
[SourceVersion "1"]
[SourceVersionDate "2015.10.08"]
[SourceQuality "1"]

1. d4 d5 2. Nf3 Nf6 3. e3 e6 4. Bd3 Be7 5. 0-0 0-0 6. Nbd2 c5 7. b3 Nc6 8. Bb2 Re8 9. Re1 h6 10. a3 cxd4 11. exd4 Bd6 12. Ne5 Qc7 13. f4 Qb6 14. Ndf3 Nd7 15. Kh1 Qc7 16. Re3 f6 17. Nxd7 Bxf4 18. Nxf6+ gxf6 19. Re1 Kf7 20. Bc1 Ke7 21. Bxf4 Qxf4 22. c3 Kd8 23. Rf1 Qd6 24. Qd2 Rh8 25. Qe3 Kc7 26. Nh4 e5 27. dxe5 Qxe5 28. Qd2 Qg5 29. Qf2 Rf8 30. Rae1 Bd7 31. Nf3 Qg7 32. Nd4 Nxd4 33. Qxd4 Bc6 34. Re6 Rg8 35. Qf4+ Kc8 36. Re2 Rf8 37. Qd6 Qc7 38. Bf5+ Bd7 39. Qxf8+ Qd8 40. Re8 1-0

[Event "San Francisco TNM Summer op"]
[Site "San Francisco"]
[Date "2015.06.02"]
[Round "2"]
[White "Campers, William"]
[Black "Mathrubootham, Ganesh"]
[Result "1-0"]
[WhiteElo "1806"]
[BlackElo "1141"]
[PlyCount "35"]
[EventDate "2015.05.26"]
[EventType "swiss"]
[EventRounds "8"]
[EventCountry "USA"]
[SourceTitle "EXT 2016"]
[Source "ChessBase"]
[SourceDate "2015.10.08"]
[SourceVersion "1"]
[SourceVersionDate "2015.10.08"]
[SourceQuality "1"]

1. e4 e6 2. d4 d5 3. e5 c5 4. c3 Nc6 5. Nf3 Qb6 6. Be2 f6 7. 0-0 Bd7 8. a3 cxd4 9. cxd4 fxe5 10. dxe5 Nge7 11. b4 Ng6 12. Nc3 Ngxe5 13. Nxe5 Nxe5 14. Be3 Qd8 15. Bd4 Nc6 16. Bh5+ Ke7 17. Bc5+ Kf6 18. Qf3+ 1-0

[Event "San Francisco TNM Spring op"]
[Site "San Francisco"]
[Date "2015.04.14"]
[Round "5"]
[White "Starr, Albert Martin"]
[Black "Mathrubootham, Ganesh"]
[Result "0-1"]
[WhiteElo "1628"]
[BlackElo "1141"]
[PlyCount "40"]
[EventDate "2015.03.17"]
[EventType "swiss"]
[EventRounds "8"]
[EventCountry "USA"]
[SourceTitle "EXT 2016"]
[Source "ChessBase"]
[SourceDate "2015.10.08"]
[SourceVersion "1"]
[SourceVersionDate "2015.10.08"]
[SourceQuality "1"]

1. b4 e5 2. Bb2 Bxb4 3. Bxe5 Nf6 4. c4 0-0 5. e3 Nc6 6. Bc3 d5 7. d4 Re8 8. Bxb4 Nxb4 9. a3 Nc6 10. cxd5 Qxd5 11. Nc3 Qxd4 12. Nge2 Qc5 13. g3 Bg4 14. Qc1 Bf3 15. Rg1 Ne5 16. Nf4 Rad8 17. Qb2 Nfg4 18. h3 Nxe3 19. fxe3 Qxe3+ 20. Nfe2 Nd3+ 0-1

[Event "San Francisco TNM Spring op"]
[Site "San Francisco"]
[Date "2015.03.31"]
[Round "3"]
[White "Yamamoto, Shu"]
[Black "Mathrubootham, Ganesh"]
[Result "0-1"]
[WhiteElo "1668"]
[BlackElo "1141"]
[PlyCount "30"]
[EventDate "2015.03.17"]
[EventType "swiss"]
[EventRounds "8"]
[EventCountry "USA"]
[SourceTitle "EXT 2016"]
[Source "ChessBase"]
[SourceDate "2015.10.08"]
[SourceVersion "1"]
[SourceVersionDate "2015.10.08"]
[SourceQuality "1"]

1. d4 d5 2. c4 Nc6 3. cxd5 Qxd5 4. e3 e5 5. Nc3 Bb4 6. Bd2 Bxc3 7. Bxc3 exd4 8. Ne2 Bg4 9. exd4 0-0-0 10. Qa4 Bxe2 11. Kxe2 Qe4+ 12. Kd2 Nxd4 13. Kc1 Ne2+ 14. Bxe2 Qxa4 15. Bxg7 Qf4+ 0-1